[Event "XXXII Festival Conca della Presolana Magistrale"]
[Site "Bratto - Castione della Presolana ITA"]
[Date "2012.08.20"]
[Round "3"]
[White "Moncelli, Giorgio"]
[Black "Esposito, Luca"]
[WhiteElo "2070"]
[BlackElo "2256"]
[Result "0-1"]
[PlyCount "68"]
[EventDate "2012.08.18"]

1. d4 Nf6 2. c4 c5 3. e3 g6 4. Nc3 Bg7 5. Nf3 O-O 6. Be2 cxd4 7. exd4 d5 8. O-O
Nc6 9. h3 b6 10. Be3 Bb7 11. Rc1 dxc4 12. Bxc4 Na5 13. Be2 Nd5 14. Qd2 Rc8 15.
b3 Nxc3 16. Rxc3 Rxc3 17. Qxc3 Qd6 18. Rc1 Nc6 19. Bb5 Rc8 20. Qd2 e6 21. Bf4
Qd8 22. Bg5 Qd7 23. Bf4 a6 24. Bxc6 Rxc6 25. Rxc6 Qxc6 26. Be5 f6 27. Bf4 Qe4
28. Qe3 Qb1+ 29. Kh2 Bd5 30. Qc3 g5 31. Qc8+ Kf7 32. Qd7+ Kg6 33. g4 Kh6 34.
Qf7 Qg6 0-1

[Event "XXXII Festival Conca della Presolana Magistrale"]
[Site "Bratto - Castione della Presolana ITA"]
[Date "2012.08.20"]
[Round "3"]
[White "Panchanathan, Magesh Chandran"]
[Black "Bellia, Fabrizio"]
[WhiteElo "2564"]
[BlackElo "2451"]
[Result "1-0"]
[PlyCount "97"]
[EventDate "2012.08.18"]

1. e4 e5 2. Nf3 Nc6 3. Bb5 a6 4. Ba4 Nf6 5. O-O Be7 6. Re1 b5 7. Bb3 d6 8. c3
O-O 9. d4 Bg4 10. Be3 Bh5 11. Nbd2 Na5 12. Bc2 Ng4 13. b4 Nxe3 14. fxe3 Nc6 15.
a4 exd4 16. exd4 Na7 17. e5 d5 18. Bd3 Bg4 19. Qc2 g6 20. axb5 Nxb5 21. Ra2 Qd7
22. h3 Bxf3 23. Nxf3 Qc6 24. Rc1 Rfe8 25. Qb3 Rf8 26. Ra5 Kg7 27. Kh1 Qb7 28.
c4 dxc4 29. Rxc4 Qb6 30. Be4 Rab8 31. Ra1 Na7 32. Qa4 Bxb4 33. Qxa6 Qxa6 34.
Rxa6 Nc8 35. Rxc7 Ne7 36. d5 Rfc8 37. Rxc8 Rxc8 38. d6 Nf5 39. Bxf5 gxf5 40.
Nd4 Rc1+ 41. Kh2 Rd1 42. Nxf5+ Kg6 43. Ne7+ Kg5 44. Ra4 Bc3 45. Rg4+ Kh5 46.
Nc6 Rd5 47. Rc4 Bb2 48. Rc2 Ba3 49. Rf2 1-0

[Event "XXXII Festival Conca della Presolana Magistrale"]
[Site "Bratto - Castione della Presolana ITA"]
[Date "2012.08.20"]
[Round "3"]
[White "Podini, Francesco"]
[Black "Reduzzi, Maurizio"]
[WhiteElo "2021"]
[BlackElo "2103"]
[Result "1/2-1/2"]
[PlyCount "81"]
[EventDate "2012.08.18"]

1. e4 e6 2. d3 d5 3. Nd2 c5 4. Ngf3 Nc6 5. g3 g6 6. Bg2 Bg7 7. O-O Nge7 8. Re1
h6 9. h4 b6 10. e5 g5 11. hxg5 hxg5 12. Nxg5 Nxe5 13. Ndf3 N5g6 14. c3 Qd6 15.
d4 f6 16. Nh3 Bd7 17. a4 Kf7 18. Nf4 Bh6 19. Nxg6 Nxg6 20. Bxh6 Rxh6 21. Qd2
Rhh8 22. Bf1 c4 23. b3 Bc6 24. b4 a6 25. a5 b5 26. Bg2 Rag8 27. Re3 Bd7 28. Kf1
Rg7 29. Ng1 Rgh7 30. Rf3 Kg7 31. Re1 Ne7 32. Rf4 Kf7 33. Nf3 Ng6 34. Ng5+ Kg7
35. Nxh7 Nxf4 36. Nxf6 Kxf6 37. Qxf4+ Qxf4 38. gxf4 Be8 39. Re5 Bg6 40. Ke2 Rh2
41. Rg5 1/2-1/2

[Event "XXXII Festival Conca della Presolana Magistrale"]
[Site "Bratto - Castione della Presolana ITA"]
[Date "2012.08.20"]
[Round "3"]
[White "Prelati, Maurizio"]
[Black "Ramondino, Renzo"]
[WhiteElo "1991"]
[BlackElo "2231"]
[Result "0-1"]
[PlyCount "84"]
[EventDate "2012.08.18"]

1. e4 Nf6 2. Nc3 d6 3. d4 g6 4. f4 Bg7 5. Nf3 O-O 6. Bd3 Na6 7. O-O c5 8. d5
Bg4 9. h3 Bxf3 10. Rxf3 Nc7 11. Qe1 e6 12. dxe6 Nxe6 13. f5 Nd4 14. Rf2 gxf5
15. exf5 Re8 16. Qd1 d5 17. Bg5 Qd7 18. Bxf6 Bxf6 19. Kh1 c4 20. Bf1 Qd6 21.
Rd2 Qe5 22. Nxd5 Qxd5 23. c3 Rad8 24. cxd4 b5 25. a4 a6 26. axb5 axb5 27. Ra3
Re4 28. Rg3+ Kh8 29. b3 Bh4 30. bxc4 bxc4 31. Rf3 Bg5 32. Rc2 Qxd4 33. Qxd4+
Rdxd4 34. Re2 Rxe2 35. Bxe2 Bd2 36. f6 c3 37. Bd1 Rd6 38. Bc2 h6 39. h4 Rb6 40.
Kh2 Rb2 41. Bf5 c2 42. Ra3 Bf4+ 0-1

[Event "XXXII Festival Conca della Presolana Magistrale"]
[Site "Bratto - Castione della Presolana ITA"]
[Date "2012.08.20"]
[Round "3"]
[White "Rambaldi, Francesco"]
[Black "Collutiis, Duilio"]
[WhiteElo "2272"]
[BlackElo "2511"]
[Result "0-1"]
[PlyCount "148"]
[EventDate "2012.08.18"]

1. e4 e5 2. Nf3 Nc6 3. Nc3 Nf6 4. Bb5 Bd6 5. O-O O-O 6. d3 h6 7. Be3 a6 8. Ba4
Re8 9. a3 Bf8 10. h3 d6 11. Re1 Bd7 12. Qd2 b5 13. Bb3 Na5 14. Ba2 c5 15. Nd5
Nc6 16. c3 Be6 17. Nxf6+ Qxf6 18. Bxe6 Qxe6 19. d4 exd4 20. cxd4 Qg6 21. Rac1
Rad8 22. Qc2 Rc8 23. d5 Nb8 24. Nd2 Nd7 25. f3 Be7 26. b3 Bf6 27. a4 Rb8 28.
axb5 axb5 29. Qd3 Ne5 30. Qe2 Bd8 31. f4 Nd7 32. Qd3 Ba5 33. Ra1 Bxd2 34. Bxd2
c4 35. bxc4 Nc5 36. Qf3 Nxe4 37. Ba5 bxc4 38. Rac1 Rb3 39. Qg4 Qxg4 40. hxg4
Nf6 41. Rxe8+ Nxe8 42. Rxc4 Nf6 43. Bc7 Nxg4 44. Rc1 Rd3 45. Bxd6 Rxd5 46. Bb8
Rd2 47. Re1 f6 48. Kf1 Kf7 49. Ba7 Ra2 50. Bc5 Rc2 51. Bb6 Kg6 52. Re7 h5 53.
g3 Rb2 54. Bc5 Rc2 55. Bb6 Nh6 56. Bf2 Rc4 57. Rd7 h4 58. Kg2 Rc2 59. Kf3 Rc3+
60. Kg2 hxg3 61. Bxg3 Nf5 62. Be1 Rb3 63. Rd2 Kh5 64. Rf2 Kg4 65. Bd2 Rb1 66.
Re2 Rd1 67. Be1 Kxf4 68. Bf2 Ra1 69. Rb2 Ra4 70. Bb6 Rc4 71. Ba7 Kg4 72. Kh2
Nh4 73. Be3 g5 74. Bf2 f5 0-1

[Event "XXXII Festival Conca della Presolana Magistrale"]
[Site "Bratto - Castione della Presolana ITA"]
[Date "2012.08.20"]
[Round "3"]
[White "Ranfagni, Stefano"]
[Black "Gerola, Fausto"]
[WhiteElo "1980"]
[BlackElo "2199"]
[Result "1-0"]
[PlyCount "117"]
[EventDate "2012.08.18"]

1. e4 e5 2. Nf3 Nc6 3. Bb5 a6 4. Ba4 Nf6 5. Qe2 b5 6. Bb3 Bc5 7. a4 Rb8 8. axb5
axb5 9. c3 O-O 10. O-O d6 11. d3 h6 12. Be3 Bb6 13. Nbd2 Be6 14. Bxb6 Rxb6 15.
d4 Bxb3 16. Nxb3 Qd7 17. Rfd1 Qg4 18. d5 Ne7 19. Re1 Ng6 20. h3 Qc8 21. Qe3 Nh5
22. Na5 Nhf4 23. Nc6 Kh7 24. Rec1 Nxg2 25. Kxg2 Nf4+ 26. Kg1 Qxh3 27. Ne1 Qxe3
28. fxe3 Ne2+ 29. Kf2 Nxc1 30. Rxc1 Ra6 31. Nb4 Ra4 32. Nec2 f5 33. exf5 Rxf5+
34. Ke2 e4 35. Nd4 Rh5 36. Rf1 Rh2+ 37. Rf2 Rxf2+ 38. Kxf2 Ra1 39. Nxb5 Rb1 40.
Nxc7 Rxb2+ 41. Kg3 g5 42. Ne8 Re2 43. c4 Rxe3+ 44. Kf2 Rb3 45. Nc6 Kg6 46. Nxd6
e3+ 47. Ke2 h5 48. Ne4 h4 49. d6 Rb7 50. Kxe3 Kf5 51. Nd4+ Ke5 52. Nf3+ Kf5 53.
c5 Ke6 54. Nd4+ Kd5 55. c6 Rb3+ 56. Nxb3 Kxc6 57. Nbc5 h3 58. Kf2 g4 59. Kg3
1-0

[Event "XXXII Festival Conca della Presolana Magistrale"]
[Site "Bratto - Castione della Presolana ITA"]
[Date "2012.08.20"]
[Round "3"]
[White "Sala, Giovanni"]
[Black "Gentili, Gianguido"]
[WhiteElo "2022"]
[BlackElo "2169"]
[Result "0-1"]
[PlyCount "64"]
[EventDate "2012.08.18"]

1. c4 e5 2. g3 Nf6 3. Bg2 Nc6 4. Nc3 d6 5. e4 g6 6. Nge2 Bg7 7. O-O O-O 8. d3
Bd7 9. Nd5 Nxd5 10. cxd5 Ne7 11. Qb3 Rb8 12. Be3 c5 13. dxc6 Nxc6 14. Nc3 Be6
15. Nd5 f5 16. exf5 gxf5 17. f4 Kh8 18. Qa4 b5 19. Qa3 a5 20. Rac1 b4 21. Qa4
Bd7 22. Nf6 Rxf6 23. Bxc6 Bxc6 24. Rxc6 Rf7 25. Qb3 Rd7 26. Rfc1 exf4 27. Bxf4
Bd4+ 28. Kh1 Qe7 29. Qd5 Bxb2 30. Rc8+ Rxc8 31. Rxc8+ Rd8 32. Qxf5 Qb7+ 0-1

[Event "XXXII Festival Conca della Presolana Magistrale"]
[Site "Bratto - Castione della Presolana ITA"]
[Date "2012.08.20"]
[Round "3"]
[White "Sharma, Dinesh K."]
[Black "Negro, Roberto"]
[WhiteElo "2361"]
[BlackElo "2117"]
[Result "1-0"]
[PlyCount "74"]
[EventDate "2012.08.18"]

1. e4 g6 2. d4 Bg7 3. Nf3 d6 4. Nc3 a6 5. a4 b6 6. Bc4 e6 7. Qe2 Bb7 8. d5 e5
9. a5 Nf6 10. O-O O-O 11. axb6 cxb6 12. Nd2 Nfd7 13. Ba2 Qc7 14. Nc4 b5 15. Ne3
Nf6 16. f3 Nbd7 17. Bd2 Nh5 18. Ncd1 a5 19. Qxb5 Ba6 20. Qc6 Qxc6 21. dxc6 Bxf1
22. Kxf1 Ndf6 23. Bc4 Rfc8 24. Bb5 Nf4 25. Rxa5 Rab8 26. Nc3 Ne6 27. Ncd5 Nxd5
28. Nxd5 Bf8 29. Be3 Rxb5 30. Rxb5 Rxc6 31. c3 Kg7 32. Rb7 Nc5 33. Bxc5 dxc5
34. Ke2 Ra6 35. Nc7 Ra1 36. Ne6+ Kg8 37. Ng5 f6 1-0

[Event "XXXII Festival Conca della Presolana Magistrale"]
[Site "Bratto - Castione della Presolana ITA"]
[Date "2012.08.20"]
[Round "3"]
[White "Ventura, Salvatore"]
[Black "Brun, Dario"]
[WhiteElo "2026"]
[BlackElo "2262"]
[Result "0-1"]
[PlyCount "62"]
[EventDate "2012.08.18"]

1. f4 e5 2. fxe5 d6 3. exd6 Bxd6 4. Nf3 Nf6 5. d4 Ng4 6. Qd3 c5 7. Qe4+ Be6 8.
d5 Nf6 9. Qa4+ Bd7 10. Qb3 Na6 11. Bg5 O-O 12. Nbd2 b5 13. c4 Re8 14. cxb5 Rb8
15. a4 Nb4 16. Nc4 Bf5 17. Nxd6 Nc2+ 18. Qxc2 Bxc2 19. Nxe8 Qxe8 20. Bxf6 gxf6
21. Kd2 Qe4 22. e3 Bxa4 23. Bd3 Qb4+ 24. Ke2 c4 25. Be4 Qxb2+ 26. Nd2 Bxb5 27.
Kf3 Qxd2 28. Rhd1 Qb2 29. Rab1 Qe5 30. d6 Re8 31. Rd4 f5 0-1

[Event "XXXII Festival Conca della Presolana Magistrale"]
[Site "Bratto - Castione della Presolana ITA"]
[Date "2012.08.20"]
[Round "3"]
[White "Viaggi, Stefano"]
[Black "Pantaleoni, Claudio"]
[WhiteElo "2045"]
[BlackElo "2161"]
[Result "1/2-1/2"]
[PlyCount "42"]
[EventDate "2012.08.18"]

1. d4 g6 2. Nf3 Bg7 3. g3 c5 4. Bg2 cxd4 5. Nxd4 Nc6 6. c3 Qb6 7. Nb3 Nf6 8.
O-O O-O 9. Be3 Qb5 10. Bc5 d6 11. Na3 Qa6 12. Be3 Bg4 13. Re1 Rac8 14. Qd3 Qxd3
15. exd3 b6 16. Nb5 a6 17. N5d4 Ne5 18. f3 Bd7 19. Rad1 Rfe8 20. f4 Neg4 21.
Bc1 h5 1/2-1/2

[Event "XXXII Festival Conca della Presolana Magistrale"]
[Site "Bratto - Castione della Presolana ITA"]
[Date "2012.08.21"]
[Round "4"]
[White "Alberton, Roberto"]
[Black "Ventura, Salvatore"]
[WhiteElo "2108"]
[BlackElo "2026"]
[Result "1-0"]
[PlyCount "83"]
[EventDate "2012.08.18"]

1. a3 f5 2. d4 Nf6 3. Nf3 e6 4. Bg5 Be7 5. Nbd2 O-O 6. Bxf6 Bxf6 7. e4 d5 8. e5
Be7 9. h4 Bd7 10. Be2 c5 11. dxc5 Bxc5 12. Nb3 Be7 13. Nbd4 Qb6 14. b3 Nc6 15.
Nxc6 bxc6 16. O-O a5 17. g3 c5 18. a4 h6 19. h5 Be8 20. Nd2 f4 21. g4 Qc7 22.
Nf3 g6 23. hxg6 Bxg6 24. Bd3 Be4 25. Re1 Bxd3 26. Qxd3 Kg7 27. Kg2 Rf7 28. Rh1
Rg8 29. Rag1 Kf8 30. Rxh6 Rxg4+ 31. Kf1 Rxg1+ 32. Kxg1 Rg7+ 33. Kf1 Kf7 34. Qa6
Qd7 35. Qxa5 d4 36. Qd2 Rg4 37. Nh2 Rg5 38. Qxf4+ Kg7 39. Rf6 Bxf6 40. Qxf6+
Kh7 41. Qxg5 Qd5 42. Ng4 1-0

[Event "XXXII Festival Conca della Presolana Magistrale"]
[Site "Bratto - Castione della Presolana ITA"]
[Date "2012.08.21"]
[Round "4"]
[White "Arun Prasad, Subramanian"]
[Black "Esposito, Luca"]
[WhiteElo "2531"]
[BlackElo "2256"]
[Result "1-0"]
[PlyCount "43"]
[EventDate "2012.08.18"]

1. d4 Nf6 2. c4 c5 3. d5 b5 4. Qc2 Qa5+ 5. Nd2 Na6 6. e4 Nb4 7. Qc3 bxc4 8.
Bxc4 Ba6 9. b3 Bxc4 10. Qxc4 e6 11. dxe6 fxe6 12. Ngf3 Be7 13. O-O O-O 14. a3
Qa6 15. e5 Nfd5 16. Bb2 Nb6 17. axb4 Qxa1 18. Rxa1 Nxc4 19. Nxc4 cxb4 20. Bd4
Rfc8 21. Rxa7 Bc5 22. Bxc5 1-0

[Event "XXXII Festival Conca della Presolana Magistrale"]
[Site "Bratto - Castione della Presolana ITA"]
[Date "2012.08.21"]
[Round "4"]
[White "Bresciani, Nicola"]
[Black "Castaldo, Folco"]
[WhiteElo "2255"]
[BlackElo "2432"]
[Result "1/2-1/2"]
[PlyCount "63"]
[EventDate "2012.08.18"]

1. e4 c5 2. Nf3 Nc6 3. d4 cxd4 4. Nxd4 g6 5. c4 Bg7 6. Be3 Nf6 7. Nc3 O-O 8.
Be2 d6 9. O-O Nxd4 10. Bxd4 Bd7 11. Qd2 Bc6 12. f3 a5 13. Rfd1 a4 14. b4 axb3
15. axb3 Nd7 16. Bxg7 Kxg7 17. Qd4+ Kg8 18. b4 Rxa1 19. Rxa1 Qb6 20. Qxb6 Nxb6
21. b5 Bd7 22. Nd5 Nxd5 23. cxd5 Rc8 24. Ra7 Rb8 25. Kf2 Kf8 26. b6 e6 27. Bd3
Ke7 28. Ke3 exd5 29. exd5 Kf6 30. Kd4 Bf5 31. Bb5 h5 32. h4 1/2-1/2

[Event "XXXII Festival Conca della Presolana Magistrale"]
[Site "Bratto - Castione della Presolana ITA"]
[Date "2012.08.21"]
[Round "4"]
[White "Brun, Dario"]
[Black "Anuprita, Patil"]
[WhiteElo "2262"]
[BlackElo "2123"]
[Result "1-0"]
[PlyCount "49"]
[EventDate "2012.08.18"]

1. d4 d5 2. c4 c6 3. Nc3 Nf6 4. Nf3 dxc4 5. a4 Bf5 6. Ne5 Nbd7 7. Nxc4 Qc7 8.
g3 e5 9. dxe5 Nxe5 10. Bf4 Nfd7 11. Bg2 g5 12. Bxe5 Nxe5 13. Qd4 f6 14. f4 Nxc4
15. Qxc4 O-O-O 16. O-O Qe7 17. Kh1 Be6 18. Qe4 Bd5 19. Qf5+ Qe6 20. fxg5 Bxg2+
21. Kxg2 Qxf5 22. Rxf5 fxg5 23. Rxg5 Rd2 24. Rb1 Bb4 25. Re5 1-0

[Event "XXXII Festival Conca della Presolana Magistrale"]
[Site "Bratto - Castione della Presolana ITA"]
[Date "2012.08.21"]
[Round "4"]
[White "Casagrande, Fabio"]
[Black "Formento, Paolo"]
[WhiteElo "1981"]
[BlackElo "2147"]
[Result "0-1"]
[PlyCount "54"]
[EventDate "2012.08.18"]

1. e4 e6 2. d4 d5 3. Nc3 Bb4 4. e5 c5 5. Bd2 Ne7 6. Nb5 Bxd2+ 7. Qxd2 O-O 8. f4
Nbc6 9. Nf3 a6 10. Nd6 Nxd4 11. Nxd4 cxd4 12. Bd3 f6 13. O-O Nc6 14. Qe2 g6 15.
a3 Qe7 16. Rae1 b5 17. g4 fxe5 18. fxe5 Bd7 19. a4 bxa4 20. Bxa6 Rxf1+ 21. Rxf1
Rf8 22. Rxf8+ Qxf8 23. Bb5 d3 24. Bxd3 Qf4 25. Qf2 Qxg4+ 26. Kh1 Nxe5 27. Be2
Qb4 0-1

[Event "XXXII Festival Conca della Presolana Magistrale"]
[Site "Bratto - Castione della Presolana ITA"]
[Date "2012.08.21"]
[Round "4"]
[White "Cattaneo, Marco"]
[Black "Lanzani, Mario"]
[WhiteElo "2025"]
[BlackElo "2291"]
[Result "1/2-1/2"]
[PlyCount "42"]
[EventDate "2012.08.18"]

1. d4 d5 2. c4 dxc4 3. Nf3 c5 4. d5 e6 5. Nc3 Nf6 6. e4 exd5 7. e5 Ne4 8. Nxe4
dxe4 9. Qxd8+ Kxd8 10. Ng5 Be6 11. Nxe6+ fxe6 12. Bxc4 Ke7 13. Bg5+ Kf7 14.
O-O-O h6 15. Bf4 Be7 16. Rhe1 Nc6 17. Rxe4 Rhd8 18. Be3 Rxd1+ 19. Kxd1 Rd8+ 20.
Kc1 Nd4 21. Bxd4 Rxd4 1/2-1/2

[Event "XXXII Festival Conca della Presolana Magistrale"]
[Site "Bratto - Castione della Presolana ITA"]
[Date "2012.08.21"]
[Round "4"]
[White "Collutiis, Duilio"]
[Black "Das, Arghyadip"]
[WhiteElo "2511"]
[BlackElo "2479"]
[Result "1/2-1/2"]
[PlyCount "58"]
[EventDate "2012.08.18"]

1. g3 Nf6 2. Bg2 e5 3. c4 d5 4. cxd5 Nxd5 5. Nc3 Nb6 6. Nf3 Nc6 7. O-O Be7 8.
a3 O-O 9. b4 Be6 10. Rb1 f6 11. d3 a5 12. b5 Nd4 13. Nd2 Bd5 14. Nxd5 Nxd5 15.
Bb2 a4 16. Bxd4 exd4 17. Bxd5+ Qxd5 18. Qc1 Rfd8 19. Qb2 f5 20. Rfc1 Bc5 21.
Rc4 b6 22. Nf3 h6 23. Qc2 Kh7 24. Rxa4 Rxa4 25. Qxa4 Ra8 26. Qb3 Qxb3 27. Rxb3
g5 28. h3 Kg7 29. g4 Kf6 1/2-1/2

[Event "XXXII Festival Conca della Presolana Magistrale"]
[Site "Bratto - Castione della Presolana ITA"]
[Date "2012.08.21"]
[Round "4"]
[White "Cugini, Verter"]
[Black "Casadei, Mauro"]
[WhiteElo "2072"]
[BlackElo "2165"]
[Result "1-0"]
[PlyCount "39"]
[EventDate "2012.08.18"]

1. e4 c5 2. g3 Nc6 3. Bg2 g6 4. Ne2 Bg7 5. O-O d6 6. Nbc3 Nf6 7. d3 O-O 8. h3
Rb8 9. a4 a6 10. Be3 b5 11. axb5 axb5 12. d4 Nd7 13. Qd2 cxd4 14. Nxd4 Nxd4 15.
Bxd4 Ne5 16. b3 b4 17. Nd5 Be6 18. Nxb4 Nc4 19. bxc4 Bxd4 20. Nc6 1-0

[Event "XXXII Festival Conca della Presolana Magistrale"]
[Site "Bratto - Castione della Presolana ITA"]
[Date "2012.08.21"]
[Round "4"]
[White "Genocchio, Daniele"]
[Black "Bonade', Massimo"]
[WhiteElo "2440"]
[BlackElo "2081"]
[Result "1-0"]
[PlyCount "53"]
[EventDate "2012.08.18"]

1. Nf3 Nf6 2. c4 b6 3. g3 Bb7 4. Bg2 e6 5. O-O Be7 6. Nc3 O-O 7. Re1 c5 8. e4
d6 9. d4 cxd4 10. Nxd4 a6 11. e5 dxe5 12. Bxb7 exd4 13. Bxa8 Nbd7 14. Nd5 exd5
15. Bxd5 Nxd5 16. cxd5 Bf6 17. Bf4 Nc5 18. b4 Qxd5 19. bxc5 bxc5 20. Qa4 d3 21.
Rab1 c4 22. Re8 g5 23. Rbb8 gxf4 24. Rxf8+ Kg7 25. Rg8+ Kh6 26. Rb6 Qe5 27. Qe8
1-0

[Event "XXXII Festival Conca della Presolana Magistrale"]
[Site "Bratto - Castione della Presolana ITA"]
[Date "2012.08.21"]
[Round "4"]
[White "Gentili, Gianguido"]
[Black "Moncelli, Giorgio"]
[WhiteElo "2169"]
[BlackElo "2070"]
[Result "1-0"]
[PlyCount "159"]
[EventDate "2012.08.18"]

1. d4 d5 2. Nf3 Nf6 3. c4 e6 4. e3 c5 5. Nc3 Nc6 6. Bd3 a6 7. O-O Be7 8. a3
cxd4 9. exd4 dxc4 10. Bxc4 O-O 11. Bg5 b5 12. Ba2 Bb7 13. Rc1 Rc8 14. b4 a5 15.
Nxb5 Ba6 16. a4 Nxb4 17. Bb1 Rxc1 18. Qxc1 Qb6 19. Qc4 Rc8 20. Qe2 Nbd5 21. Bd3
Nb4 22. Bc4 Bb7 23. Ne5 Nbd5 24. Rd1 Rd8 25. Bd3 Nb4 26. Bb1 Bd5 27. Qe3 Qb7
28. f3 Qb6 29. Re1 Bb7 30. Qf4 Nbd5 31. Qh4 h6 32. Bxh6 gxh6 33. Qxh6 Bf8 34.
Qg5+ Bg7 35. h4 Kf8 36. h5 Ng8 37. Nc4 Bf6 38. Qxd5 Rxd5 39. Nxb6 Rxh5 40. Nd7+
Ke7 41. Nxf6 Nxf6 42. Rc1 Rd5 43. Ba2 Rd7 44. Rc5 Bd5 45. Bxd5 Nxd5 46. Kf2 Nb6
47. Nc3 Rxd4 48. Rxa5 Rd3 49. Ne4 f5 50. Nc5 Rd5 51. Rb5 Nc4 52. g4 Nd6 53. Ra5
Nc4 54. Ra7+ Kd6 55. Nb3 f4 56. Ra6+ Ke5 57. a5 Rb5 58. Rxe6+ Kd5 59. Rf6 Rxb3
60. Rxf4 Ra3 61. g5 Ne5 62. Rf6 Rxa5 63. Kg3 Ra7 64. f4 Nd3 65. Kg4 Ke4 66. g6
Rg7 67. f5 Ne5+ 68. Kg5 Rg8 69. Re6 Kd5 70. Re7 Kd6 71. Ra7 Nf3+ 72. Kf6 Rf8+
73. Rf7 Rg8 74. g7 Ne5 75. Ra7 Ng4+ 76. Kg6 Ke5 77. Re7+ Kd6 78. f6 Ra8 79. Re4
Nf2 80. Rh4 1-0

[Event "XXXII Festival Conca della Presolana Magistrale"]
[Site "Bratto - Castione della Presolana ITA"]
[Date "2012.08.21"]
[Round "4"]
[White "Gerola, Fausto"]
[Black "Cacciola, Alfredo"]
[WhiteElo "2199"]
[BlackElo "2114"]
[Result "1/2-1/2"]
[PlyCount "65"]
[EventDate "2012.08.18"]

1. e4 c5 2. b3 d5 3. exd5 Qxd5 4. Nc3 Qd8 5. Bb2 Nf6 6. Nf3 Nc6 7. Bb5 Bd7 8.
O-O e6 9. Bxc6 Bxc6 10. Ne5 Qd6 11. Qe2 Be7 12. d3 O-O 13. Rae1 Rfe8 14. f4 Bf8
15. Ne4 Nxe4 16. dxe4 Rad8 17. Nxc6 Qxc6 18. Rd1 b5 19. c4 a6 20. Kf2 f5 21.
Rxd8 Rxd8 22. exf5 exf5 23. Rd1 Rxd1 24. Qxd1 bxc4 25. bxc4 Qd6 26. Qd5+ Qxd5
27. cxd5 c4 28. Be5 Kf7 29. Ke3 Bc5+ 30. Kd2 Bb4+ 31. Bc3 Bd6 32. g3 g6 33. Ba5
1/2-1/2

[Event "XXXII Festival Conca della Presolana Magistrale"]
[Site "Bratto - Castione della Presolana ITA"]
[Date "2012.09.08"]
[Round "4"]
[White "Gioseffi, Massimiliano"]
[Black "Viaggi, Stefano"]
[WhiteElo "2128"]
[BlackElo "2045"]
[Result "1-0"]
[PlyCount "135"]
[EventDate "2012.08.18"]

1. d4 g6 2. c4 Bg7 3. Nc3 d6 4. e4 a6 5. f4 c6 6. Nf3 b5 7. Bd3 Bg4 8. Be3 Nd7
9. O-O Nb6 10. cxb5 axb5 11. Qb3 Nc4 12. Bxc4 bxc4 13. Qxc4 Bd7 14. Ng5 Nh6 15.
h3 O-O 16. a4 e6 17. b4 d5 18. Qd3 Qe7 19. Rab1 Rfb8 20. b5 cxb5 21. axb5 Ra3
22. Qd2 f6 23. Nf3 dxe4 24. Nxe4 Nf5 25. Bf2 Rxb5 26. Rxb5 Bxb5 27. Rb1 Bc6 28.
Rb8+ Bf8 29. Qc2 Bd5 30. Nfd2 Nd6 31. Qc5 Ra6 32. Bh4 g5 33. fxg5 Nf5 34. Qxe7
Nxe7 35. Nxf6+ Kf7 36. Nxd5 exd5 37. Nf3 Ra1+ 38. Be1 Nf5 39. Rb7+ Kg8 40. Kf2
Bd6 41. Ke2 Ra2+ 42. Bd2 Ng3+ 43. Kd3 Ne4 44. Rb5 Ra3+ 45. Kc2 Ra2+ 46. Rb2 Ra4
47. Bc3 Rc4 48. Rb3 Bg3 49. Nd2 Rc8 50. Nxe4 dxe4 51. Kd1 Kf7 52. Bd2 Bf2 53.
Be3 Bg3 54. Rb7+ Ke6 55. Rxh7 Rc3 56. Kd2 Rb3 57. Rh6+ Kd5 58. g6 Rb2+ 59. Kc3
Rxg2 60. Rh5+ Ke6 61. Rg5 Be1+ 62. Kb3 Rxg5 63. Bxg5 Bf2 64. d5+ Kf5 65. g7
Kxg5 66. g8=Q+ Kf4 67. Kc2 Ke3 68. Kd1 1-0

[Event "XXXII Festival Conca della Presolana Magistrale"]
[Site "Bratto - Castione della Presolana ITA"]
[Date "2012.08.21"]
[Round "4"]
[White "Giretti Kanev, Jasen"]
[Black "Rambaldi, Francesco"]
[WhiteElo "2189"]
[BlackElo "2272"]
[Result "1/2-1/2"]
[PlyCount "94"]
[EventDate "2012.08.18"]

1. e4 c5 2. Nc3 a6 3. g3 b5 4. Bg2 Bb7 5. Nge2 e6 6. O-O b4 7. Na4 Nf6 8. d4
Bxe4 9. Bxe4 Nxe4 10. f3 Qa5 11. fxe4 Qxa4 12. d5 e5 13. b3 Qb5 14. a3 bxa3 15.
Nc3 Qb6 16. Qh5 Qg6 17. Qxe5+ Be7 18. Rxa3 d6 19. Qf5 O-O 20. Bf4 Ra7 21. Ra2
Rd7 22. Na4 Bd8 23. Nb2 Re8 24. Nc4 Bc7 25. Qxg6 hxg6 26. Re1 f6 27. h4 Kf7 28.
c3 Ke7 29. Kf2 Rdd8 30. Kf3 Kd7 31. b4 cxb4 32. cxb4 Rf8 33. Rc1 g5 34. Be3
gxh4 35. gxh4 f5 36. e5 dxe5 37. d6 Bxd6 38. Rd2 Ke6 39. Rxd6+ Rxd6 40. Nxd6
Rh8 41. Nb7 Rxh4 42. Rc8 Kd7 43. Rxb8 Kc7 44. Ra8 Kxb7 45. Ra7+ Kb8 46. Rxg7
Rxb4 47. Rf7 Rb5 1/2-1/2

[Event "XXXII Festival Conca della Presolana Magistrale"]
[Site "Bratto - Castione della Presolana ITA"]
[Date "2012.08.21"]
[Round "4"]
[White "Gonella, Daniele"]
[Black "Ceccarini, Marco"]
[WhiteElo "2157"]
[BlackElo "2058"]
[Result "1-0"]
[PlyCount "61"]
[EventDate "2012.08.18"]

1. e4 e5 2. Nf3 Nc6 3. Bc4 Nf6 4. Qe2 Be7 5. c3 d6 6. d3 Na5 7. Bb3 Nxb3 8.
axb3 O-O 9. O-O c6 10. Be3 Ng4 11. Nbd2 Nxe3 12. Qxe3 f5 13. exf5 Bxf5 14. Rfe1
Qb6 15. d4 Bf6 16. dxe5 dxe5 17. Nxe5 Qc7 18. Ndf3 Rfe8 19. h3 Be6 20. c4 c5
21. Qf4 h6 22. Re3 Rf8 23. Rae1 Bd7 24. Qe4 Rfe8 25. Qd3 Be6 26. Ng4 Qf7 27.
Nfe5 Bxe5 28. Nxe5 Qf5 29. Qd6 b6 30. Nc6 Bf7 31. Rxe8+ 1-0

[Event "XXXII Festival Conca della Presolana Magistrale"]
[Site "Bratto - Castione della Presolana ITA"]
[Date "2012.08.21"]
[Round "4"]
[White "Lavorgna, Giovanni"]
[Black "Podini, Francesco"]
[WhiteElo "2091"]
[BlackElo "2021"]
[Result "0-1"]
[PlyCount "62"]
[EventDate "2012.08.18"]

1. e4 c5 2. Nf3 e6 3. d4 cxd4 4. Nxd4 Nf6 5. Nc3 d6 6. Bc4 a6 7. Bb3 b5 8. f4
Bb7 9. O-O Nbd7 10. Be3 Rc8 11. a3 Nb6 12. Qf3 Nc4 13. Rae1 Nxb2 14. Bf2 Nc4
15. Qg3 Be7 16. e5 Nh5 17. Qg4 g6 18. exd6 Qxd6 19. Nxe6 Nd2 20. Bd4 Rg8 21.
Rf2 Nxb3 22. cxb3 fxe6 23. Qxe6 Qxe6 24. Rxe6 Rc6 25. Re3 Kd7 26. Rd2 Rd6 27.
g3 Rc8 28. Red3 Ke8 29. Re3 Kf7 30. Rde2 Rd7 31. Be5 Bc5 0-1

[Event "XXXII Festival Conca della Presolana Magistrale"]
[Site "Bratto - Castione della Presolana ITA"]
[Date "2012.08.21"]
[Round "4"]
[White "Marguerettaz, Davy"]
[Black "Cebalo, Miso"]
[WhiteElo "2214"]
[BlackElo "2435"]
[Result "1/2-1/2"]
[PlyCount "96"]
[EventDate "2012.08.18"]

1. e4 c5 2. Nf3 d6 3. d4 cxd4 4. Nxd4 Nf6 5. Nc3 g6 6. Be3 Bg7 7. f3 a6 8. Qd2
Nbd7 9. Bc4 b5 10. Bb3 Bb7 11. Bh6 Bxh6 12. Qxh6 Nc5 13. O-O-O Nxb3+ 14. cxb3
Qb6 15. b4 O-O-O 16. Kb1 Kb8 17. Nb3 Rhg8 18. Qd2 Rc8 19. Na5 Ba8 20. Rhe1 Rc7
21. e5 dxe5 22. Rxe5 Rd7 23. Qe2 Rxd1+ 24. Qxd1 Rd8 25. Qe1 e6 26. a3 Nd5 27.
Nxd5 Bxd5 28. Re3 Qd4 29. Rc3 Rc8 30. Rxc8+ Kxc8 31. Qc3+ Qxc3 32. bxc3 g5 33.
Kc2 h5 34. Nb3 h4 35. Nc5 h3 36. gxh3 Bxf3 37. Nxa6 Kb7 38. Nc5+ Kc6 39. Kd3
Kd5 40. a4 bxa4 41. c4+ Kd6 42. Nxa4 f5 43. c5+ Kc6 44. Kc4 Be2+ 45. Kd4 Bf1
46. h4 gxh4 47. Ke5 Bc4 48. Kd4 Bf1 1/2-1/2